|
|
|
แสดงรายละเอียดบรรณานุกรม |
|
|
Brief Record
: Get Marc (ISO 2709)
: E-mail record
: |
|
|
| LEADER 00000nam 2200000uu 4500 | |||
| 001 13399128809 | |||
| 003 BCNR | |||
| 008 191018s2564||||th 000 0 tha d | |||
| 020 ^a9786164076181 | |||
| 041 ^atha | |||
| 060 4 ^aWQ208^bท591 2564 | |||
| 245 00 ^aเทคโนโลยีช่วยการเจริญพันธุ์ =^bAssisted reproductive technology /^cกำธร พฤกษานานนท์, บรรณาธิการ | |||
| 246 31 ^aAssisted reproductive technology | |||
| 250 ^aพิมพ์ครั้งที่ 2 (ฉบับปรับปรุง) | |||
| 260 ^aกรุงเทพฯ :^bภาควิชาสูติศาสตร์นรีเวชวิทยา คณะแพทยศาสตร์ จุฬาลงกรณ์มหาวิทยาลัย,^c2564 | |||
| 300 ^a360 หน้า :^bภาพประกอบ, ตาราง ;^c30 ซม. | |||
| 505 0 ^aบทที่ 1 จุดเริ่มต้นและการพัฒนาเทคโนโลยีช่วยการเจริญพันธุ์ทางการแพทย์ -- บทที่ 2 ความรู้พื้นฐานของเทคโนโลยีช่วยการเจริญพันธุ์ -- บทที่ 3 การปฏิสนธิ -- บทที่ 4 การฝังตัวของตัวอ่อน -- บทที่ 5 การกระตุ้นรังไข่เพื่อการรักษาด้วยเทคโนโลยีช่วยการเจริญพันธุ์ -- บทที่ 6 การเก็บไข่ -- บทที่ 7 การย้ายตัวอ่อนกลับเข้าสู่โพรงมดลูก -- บทที่ 8 การประคับประคองระยะ luteal ในเทคโนโลยีช่วยการเจริญพันธุ์ -- บทที่ 9 กลุ่มอาการรังไข่ ตอบสนองการกระตุ้นมากเกินไป -- บทที่ 10 การรักษาภาวะการเจริญพันธุ์ในสตรี -- บทที่ 11 บทบาทของพยาบาลในกระบวนการเทคโนโลยีช่วยการเจริญพันธุ์ -- บทที่ 12 การประเมินทางจิตสังคมในเทคโนโลยีช่วยการเจริญพันธุ์ -- บทที่ 13 บทบัญญัติสู่การปฏิบัติตามพระราชบัญญัติคุ้มครองเด็กที่เกิดโดยอาศัยเทคโนโลยีช่วยการเจริญพันธุ์ทางการแพทย์ พ.ศ. 2558 และอนุบัญญัติที่เกี่ยวข้อง -- บทที่ 14 นโยบายสาธารณะที่เกี่ยวข้องกับเทคโนโลยีช่วยการเจริญพันธุ์ -- บทที่ 15 นวัตกรรมที่ปรับเปลี่ยนในเทคโนโลยีช่วยการเจริญพันธุ์ -- บทที่ 16 อณูทางการแพทย์ : ความรู้พื้นฐานและการประยุกต์ใช้ทางเทคโนโลยีช่วยการเจริญพันธุ์ -- บทที่ 17 เซลล์ต้นกำเนิดในเวชศาสตร์การเจริญพันธุ์ | |||
| 650 4 ^aภาวะเจริญพันธุ์ | |||
| 650 4 ^a เทคโนโลยีทางแพทย์ | |||
| 700 0 ^aกำธร พฤกษานานนท์,^eบรรณาธิการ | |||
| 710 2 ^aจุฬาลงกรณ์มหาวิทยาลัย. ^bคณะแพทยศาสตร์.^bภาควิชาสูติศาสตร์นรีเวชวิทยา | |||
| 999 ^aบรรณารักษ์ | |||
| คุณยังไม่ได้ล็อกอิน คุณสามารถมีกิจกรรมร่วมกับเว็บไซต์ได้ แต่ต้องล็อกอินก่อน :: |
|
| สถานะ | |||||||||
| 1. | หนังสือ | WQ208 ท591 2564 c.1 Barcode: 087972 | ►หนังสือทั่วไป | On Shelf | |||||
| 2. | หนังสือ | WQ208 ท591 2564 c.2 Barcode: 087973 | ►หนังสือทั่วไป | On Shelf | |||||
| 3. | หนังสือ | WQ208 ท591 2564 c.3 Barcode: 087974 | ►หนังสือทั่วไป | On Shelf | |||||
| 4. | หนังสือ | WQ208 ท591 2564 c.4 Barcode: 087975 | ►หนังสือทั่วไป | On Shelf | |||||
| 5. | หนังสือ | WQ208 ท591 2564 c.5 Barcode: 087976 | ►หนังสือทั่วไป | On Shelf | |||||
| [แสดง 5/5 รายการ] | |||||||||
BibComment |
| คอมเมนท์ทรัพยากรรายการนี้ |
|
|